[Event "CZE-ch FIDE Open 2020"]
[Site "Kouty nad Desnou"]
[Date "2020.03.09"]
[Round "3.5"]
[White "Brazdil, Roman"]
[Black "Glozar, Petr"]
[Result "1/2-1/2"]
[WhiteElo "2116"]
[BlackElo "1918"]
[Annotator "TA"]
[PlyCount "108"]
[EventDate "2020.03.07"]
[EventCountry "CZE"]
[SourceTitle "playchess.com"]
[Source "ChessBase"]
[SourceQuality "1"]

{[%evp 12,108,-2,-4,-5,-13,-18,-13,-24,-24,-24,-19,12,-23,0,-16,-6,-5,4,0,13,9,12,7,0,-47,-6,-19,0,0,4,5,228,85,372,330,362,362,1203,1200,1399,1348,2677,1062,29992,1623,1604,648,646,645,573,437,395,281,290,290,285,276,303,205,232,83,113,113,161,169,157,166,445,154,160,133,154,160,200,202,207,197,201,168,252,183,220,185,214,206,262,175,204,202,214,201,190,73,67,12,24,0,0]} 1. e4 c6 2. d4 d5 3. exd5 cxd5 4. Bd3 Nc6 5. Nf3 Bg4 6. c3 Qc7 7. O-O e6 {B13: Caro-Kann: Exchange Variation and Panov-Botvinnik Attack.} 8. Be3 Bd6 9. h3 Bh5 10. Nbd2 Nge7 11. c4 {[#]} Bg6 $146 ({Predecessor:} 11... dxc4 12. Nxc4 Nd5 13. Rc1 Bf4 14. Be4 O-O 15. Bxd5 exd5 16. Bxf4 Qxf4 17. Qd2 Qxd2 18. Ncxd2 {0-1 (76) Cori,J (2346)-Lafuente,P (2483) Salou 2008}) 12. Qe2 O-O 13. Rac1 Rfe8 14. a3 a5 15. Rfd1 Rac8 16. Bxg6 hxg6 17. c5 Bf4 18. g4 Bxe3 (18... g5 $5) 19. Qxe3 a4 20. Nb1 Qa5 21. Ng5 Na7 $2 {[#]} (21... b6 $11 {and Black is okay.}) 22. Qg3 (22. Qf3 $1 $18 {[%cal Rf3f7]} f6 23. Nxe6) 22... b6 $2 {[%mdl 8192]} (22... f6 $16 23. Nxe6 Rc6) 23. Qh4 $18 bxc5 24. Rc3 Qa6 $2 (24... cxd4 25. Rf3 Nf5 26. gxf5 gxf5) 25. Rf3 {Threatening mate with Qh7+.} f5 26. Re1 Rc6 27. Rfe3 (27. Qh7+ $142 Kf8 28. gxf5 {[%mdl 64] Overworked Piece} Nxf5 29. Qxg6) 27... Nec8 28. Qh7+ (28. gxf5 $142 Kf8 29. fxe6 Qf1+ 30. Kxf1 Rexe6 31. Nxe6+ Kg8 32. Qd8+ Kh7 33. Ng5+ Kh6 34. Nf7+ Kh7 35. Qh8#) 28... Kf8 29. Qh8+ (29. Qxg6 $142 Re7 30. Qh5) 29... Ke7 30. Qxg7+ Kd8 31. Nf7+ Kc7 32. Qe5+ Kb7 33. dxc5 Rxc5 34. Qf6 Ka8 35. Nc3 {[%cal Bb1c3,Bc3d5,Bd5f4][%mdl 32]} (35. Rxe6 Rxe6 36. Qxe6 Qxe6 $17) (35. Qxg6 d4 $16) 35... fxg4 36. Rxe6 (36. hxg4 $18 Qb7 37. Nd8 (37. Qxg6 d4 $14) (37. Rxe6 Rf8 $17) 37... Qxb2 38. Rb1 (38. Nxe6 Rxe6 39. Qxe6 Rxc3 $16)) 36... Rc6 37. Ng5 ({Inferior is} 37. Nxd5 Rexe6 38. Rxe6 Rc1+ 39. Kh2 Qf1 $17) 37... gxh3 38. Nxd5 {aiming for Nc7+!} Rexe6 39. Nxe6 {Black must now prevent Ndc7+.} Qc4 $2 {[#]} (39... Qd3) 40. Ndf4 $2 (40. Qf3 $1 $18 {and the rest is easy.}) 40... Qc2 41. Nxh3 Qd2 42. Qe5 Rc1 43. Rxc1 Qxc1+ 44. Kg2 Qc6+ 45. Kh2 Qf3 (45... Qc2 {might work better.} 46. Kg3 Qd3+ 47. f3 Nc6) 46. Nef4 Qc6 47. Qg7 Qd6 48. Qxg6 Qe5 49. Qc2 Nb6 50. Kg2 Nb5 51. Qc6+ Ka7 52. Ne6 (52. Nd3 $18 {has better winning chances.} Qg7+ 53. Kh2) 52... Qxb2 $16 53. Nhg5 (53. Nhf4 $14) 53... Qe5 $11 54. f4 Qd5+ {Accuracy: White = 42%, Black = 44%.} 1/2-1/2

[Event "CZE-ch FIDE Open 2020"]
[Site "Kouty nad Desnou"]
[Date "2020.03.09"]
[Round "3.6"]
[White "Lukas, Frantisek"]
[Black "Sochorova, Petra"]
[Result "1-0"]
[WhiteElo "1852"]
[BlackElo "2119"]
[Annotator "TA"]
[PlyCount "181"]
[EventDate "2020.03.07"]
[EventCountry "CZE"]
[SourceTitle "playchess.com"]
[Source "ChessBase"]
[SourceQuality "1"]

{[%evp 10,181,37,37,85,67,70,71,81,82,104,81,87,72,85,72,72,72,72,48,55,56,79,51,82,72,97,42,50,33,40,42,244,219,349,287,287,285,267,224,210,212,233,233,232,238,248,209,237,142,143,98,124,107,427,422,625,602,1044,1049,1167,1166,1110,1091,1769,997,1004,1002,832,789,637,326,281,190,190,190,190,190,190,191,1211,2202,2514,1465,2534,2435,2078,1844,2011,2698,1514,2676,2713,2164,2668,0,2603,2677,2650,2675,2779,2558,2556,2650,2434,2197,2246,1448,2452,2222,1985,1276,2158,1789,2544,12812,5714,9720,5418,8093,5606,2920,2931,0,2714,2068,2086,1991,2204,869,2204,0,2197,0,937,0,1391,0,7989,0,6207,29945,29951,6214,3709,5522,29956,29958,29954,29960,29960,29961,29962,29962,29962,29965,5427,5106,29977,29978,29978,29979,29979,29980,29980,29981,29981,29982,29982,29983,29983,29984,29984,29985]} 1. d4 Nf6 2. c4 g6 3. Nc3 Bg7 4. e4 d6 5. Nf3 O-O 6. h3 Ne8 {E90: King's Indian: Classical: Early deviations and 6 h3.} 7. Bd3 c5 8. d5 a6 {White is better.} 9. O-O {[#]} e5 $146 ({Predecessor:} 9... Nd7 10. Qc2 Rb8 11. Rb1 Ne5 12. Nxe5 Bxe5 13. Bh6 Bg7 14. Bxg7 Kxg7 15. f4 Bd7 16. e5 {1-0 (34) Mueller,R (2412)-Telljohann,S (2423) Germany 2013}) 10. a3 f5 11. b4 b6 12. bxc5 bxc5 13. Rb1 f4 14. Na4 Nd7 15. Bd2 h6 16. Rb2 Nef6 17. Qe2 g5 18. Nh2 (18. Rfb1 $16) 18... Rb8 19. Rxb8 Nxb8 20. Rb1 f3 $2 (20... Nbd7 $14) 21. Nxf3 g4 (21... Nbd7 $142 22. Nh2 Rf7) 22. Nxe5 ({Weaker is} 22. Rxb8 gxf3 23. Qf1 (23. Qxf3 Nd7 $16) 23... Qc7 $16) 22... dxe5 23. Rxb8 Qc7 24. Rb1 {aiming for hxg4.} gxh3 25. Nb6 hxg2 26. Nxc8 (26. Kxg2 $6 Bg4 $16) 26... Qxc8 27. Kxg2 Qe8 28. Kf1 Nh5 {[#] Threatens to win with ...Ng3+.} 29. Ke1 ({Better is} 29. Qg4 $1 $18) 29... Qg6 {and if ...Qg1+ works, Black does fine.} 30. Be3 Nf4 31. Bxf4 exf4 $4 {[%mdl 8192]} (31... Rxf4 $16 {is a better chance.} 32. Qe3 Bf8) 32. e5 $18 Qg1+ (32... Qg5 $142 33. e6 Bc3+ 34. Kd1 f3) 33. Kd2 Qg5 34. Qe4 {Qh7+ would kill now.} f3+ 35. Kc2 {White wants to mate with Qh7+.} Re8 36. e6 {Threatening mate with d6.} Qe5 37. Qh7+ Kf8 38. Qf5+ Qxf5 39. Bxf5 {[%mdl 4096] Endgame KRB-KRB} Be5 40. Bg4 Rb8 41. Rxb8+ ({Much less strong is} 41. Bxf3 $6 Rxb1 42. Kxb1 Ke7 $18) 41... Bxb8 42. Bxf3 {KB-KB} Ke7 43. Kd3 Bc7 44. Ke4 Ba5 $2 (44... Kf6 45. Bg4 Bd6) 45. Bg4 Bc3 46. Kf5 Bb2 47. a4 Bd4 48. f3 Bc3 49. Kg6 Be5 50. Kxh6 Kf6 51. Kh7 Bd6 52. Kh6 Be5 53. Kh5 Bf4 54. Bh3 Be5 55. Kg4 Bd6 56. f4 Bc7 57. Kf3 Bd6 58. Ke4 Bc7 59. f5 Bd6 60. Bg4 Ke7 61. Bd1 a5 62. Kf3 Kf6 63. Kg4 Be7 64. Bc2 Bd6 65. Kh5 Be7 66. Kh6 $2 (66. Bd3 $18 {Strongly threatening Kg4.} Bd6 67. Kg4) 66... Bd6 $2 {[%mdl 8192]} (66... Bf8+ $11 67. Kh5 Bd6) 67. Kh7 Be7 68. Kg8 Bd6 69. Bd1 Be7 70. Bc2 Bd6 71. Kh7 Be7 $1 72. Kh6 Bd6 73. Kh5 Be7 $1 74. Kg4 Bd6 75. Bd3 Be7 76. Bf1 Bd6 77. Bh3 Be7 78. d6 Bxd6 79. Kf3 Ke5 {[#]} 80. f6 $1 Kxf6 81. Ke4 Be7 82. Kd5 Bf8 83. Kc6 Ke5 84. Kb5 {White mates.} Kd4 85. Bg2 Ke5 86. Bd5 Kd6 87. Kxa5 Kc7 88. Kb5 Kb8 89. Kb6 Bd6 90. Kc6 Be7 91. Kd7 {Accuracy: White = 74%, Black = 60%.} 1-0

[Event "CZE-ch FIDE Open 2020"]
[Site "Kouty nad Desnou"]
[Date "2020.03.09"]
[Round "3.7"]
[White "Kanka, Lukas"]
[Black "Slepov, Kyryl"]
[Result "0-1"]
[WhiteElo "1618"]
[BlackElo "1973"]
[Annotator "TA"]
[PlyCount "46"]
[EventDate "2020.03.07"]
[EventCountry "CZE"]
[SourceTitle "playchess.com"]
[Source "ChessBase"]
[SourceQuality "1"]

{[%evp 9,46,4,14,-3,21,0,0,-11,-4,10,6,-29,-51,-69,-77,-66,-68,-83,-61,-64,-67,-198,-205,-343,-333,-342,-326,-395,-389,-401,-401,-401,-401,-401,-401,-491,-480,-475,-481]} 1. d4 Nf6 2. Nc3 d5 3. Bf4 Bf5 4. e3 e6 5. Bd3 Bg6 6. Nf3 {D00: 1 d4 d5: Unusual lines.} Be7 7. h3 {[#]} O-O $146 ({Predecessor:} 7... a6 8. O-O Nbd7 9. a3 c5 10. dxc5 Nxc5 11. Bxg6 hxg6 12. Qd4 Rc8 13. Ne5 O-O {0-1 (42) Praszak,M (2231)-Dziuba,M (2535) Lublin 2009}) 8. Ne5 {The position is equal.} Nbd7 {[%cal Bb8d7,Bd7c5,Bc5d3][%mdl 32]} 9. Nxg6 hxg6 10. g4 c5 11. Qc1 Qb6 12. dxc5 Nxc5 13. O-O Nxd3 14. cxd3 d4 15. Na4 ({White should play} 15. exd4 $15 Qxd4 16. Qd2) 15... Qa5 16. Qc7 (16. b3 $142) 16... Qxc7 $19 ({Not} 16... Qxa4 17. Qxe7 Qa6 18. Qb4 $17) 17. Bxc7 b5 18. Nc3 dxc3 19. bxc3 Nd5 20. Ba5 Bd8 21. Bxd8 Rfxd8 ({Much less strong is} 21... Raxd8 22. Rfc1 $19) 22. c4 bxc4 23. dxc4 Nc3 {White did not feel at home in the position after the opening. Accuracy: White = 44%, Black = 100%.} 0-1

[Event "CZE-ch FIDE Open 2020"]
[Site "Kouty nad Desnou"]
[Date "2020.03.09"]
[Round "3.8"]
[White "Dedek, Jan"]
[Black "Stastny, Jakub"]
[Result "1/2-1/2"]
[WhiteElo "1551"]
[BlackElo "1917"]
[Annotator "TA"]
[PlyCount "39"]
[EventDate "2020.03.07"]
[EventCountry "CZE"]
[SourceTitle "playchess.com"]
[Source "ChessBase"]
[SourceQuality "1"]

{[%evp 22,39,0,0,0,0,0,-23,0,-6,72,50,162,0,9,30,47,7,5,12]} 1. e4 e6 2. d4 d5 3. Nd2 dxe4 4. Nxe4 Nd7 5. Nf3 Ngf6 6. Bd3 Be7 7. O-O O-O 8. Bg5 h6 9. Bh4 b6 10. Nxf6+ Nxf6 11. Ne5 Bb7 12. c3 c5 {C10: French with 3 Nc3: Unusual Black 3rd moves and 3...dxe4.} 13. dxc5 Bxc5 {[#]} 14. Be2 $146 ({Predecessor:} 14. Qe2 Qc7 15. Be4 Qe7 16. Kh1 Rad8 17. Rad1 {½-½ (17) Castrogiovanni,C (1984)-Corso,G (1764) Crema 2012}) 14... g5 {Black has an edge.} 15. Bg3 Qe7 {[#]} (15... Qd5 $11 16. Bf3 Qxd1 17. Raxd1 Bxf3 18. Nxf3 Ne4) 16. Bf3 $1 $16 Ne4 {[#]} (16... Rad8 $14 17. Qe2 Bd6) 17. Qe2 $2 (17. Bxe4 $1 $18 Bxe4 18. Re1) 17... Nxg3 $11 18. hxg3 Bd6 19. Bxb7 (19. Ng6 $5 fxg6 20. Bxb7 $14) 19... Qxb7 20. Rad1 {Accuracy: White = 73%, Black = 55%.} 1/2-1/2

[Event "CZE-ch FIDE Open 2020"]
[Site "Kouty nad Desnou"]
[Date "2020.03.09"]
[Round "3.9"]
[White "Ptacek, Jan"]
[Black "Zamecnik, Jan"]
[Result "1-0"]
[WhiteElo "1911"]
[BlackElo "1850"]
[Annotator "ChessBase"]
[PlyCount "65"]
[EventDate "2020.03.07"]
[EventCountry "CZE"]
[SourceTitle "playchess.com"]
[Source "ChessBase"]
[SourceQuality "1"]
[TimeControl "5400+30"]

1. e4 {[%emt 0:00:00]} c5 {[%emt 0:00:00]} 2. Nf3 {[%emt 0:00:00]} Nc6 {[%emt 0:00:15]} 3. c4 {[%emt 0:00:00]} g6 {[%emt 0:01:48]} 4. d4 {[%emt 0:00:00]} cxd4 {[%emt 0:00:23]} 5. Nxd4 {[%emt 0:00:01]} Bg7 {[%emt 0:00:08]} 6. Be3 {[%emt 0:00:04]} d6 {[%emt 0:05:03]} 7. Nc3 {[%emt 0:00:21]} Nf6 {[%emt 0:00:12]} 8. Be2 {[%emt 0:00:04]} O-O {[%emt 0:00:06]} 9. O-O {[%emt 0:02:18]} a6 {[%emt 0:05:52]} 10. f3 {[%emt 0:02:18]} Bd7 {[%emt 0:14:59]} 11. Qd2 {[%emt 0:00:16]} Nxd4 {[%emt 0:03:07]} 12. Bxd4 {[%emt 0:00:06]} Qa5 {[%emt 0:06:17]} 13. Rfd1 {[%emt 0:04:01]} Kh8 {[%emt 0:16:07]} 14. Rab1 {[%emt 0:09:09]} Rfc8 {[%emt 0:10:53]} 15. Qe3 {[%emt 0:10:43]} Qd8 {[%emt 0:08:56]} 16. Bxf6 {[%emt 0:02:58]} Bxf6 {[%emt 0:03:04]} 17. Nd5 {[%emt 0:00:04]} Bg7 {[%emt 0:00:05]} 18. Nb6 {[%emt 0:01:24]} Rab8 {[%emt 0:09:15]} 19. Nxc8 {[%emt 0:00:30]} Rxc8 {[%emt 0:00:30]} 20. b4 {[%emt 0:00:30]} Be6 {[%emt 0:00:30]} 21. Rbc1 {[%emt 0:00:30]} Qf8 {[%emt 0:00:30]} 22. Qb6 {[%emt 0:01:33]} Bh6 {[%emt 0:01:17]} 23. Rc2 {[%emt 0:00:30]} Rc6 {[%emt 0:01:53]} 24. Qd4+ {[%emt 0:03:58]} Bg7 {[%emt 0:00:26]} 25. Qf2 {[%emt 0:00:22]} Qc8 {[%emt 0:06:23]} 26. Rdc1 {[%emt 0:03:55]} Bh6 {[%emt 0:01:35]} 27. f4 {[%emt 0:00:27]} f5 {[%emt 0:00:07]} 28. Bd3 {[%emt 0:03:12]} Qf8 {[%emt 0:03:19]} 29. Re1 {[%emt 0:03:01]} Qf7 {[%emt 0:00:33]} 30. exf5 {[%emt 0:02:01]} gxf5 {[%emt 0:00:48]} 31. Qe2 {[%emt 0:00:38]} d5 {[%emt 0:00:21]} 32. c5 {[%emt 0:04:52]} Bxf4 {[%emt 0:00:44]} 33. b5 {[%emt 0:00:22]} 1-0

[Event "CZE-ch FIDE Open 2020"]
[Site "Kouty nad Desnou"]
[Date "2020.03.09"]
[Round "3.10"]
[White "Kucera, Tomas"]
[Black "Merinsky, Vaclav"]
[Result "1-0"]
[WhiteElo "1985"]
[BlackElo "1764"]
[Annotator "ChessBase"]
[PlyCount "77"]
[EventDate "2020.03.07"]
[EventCountry "CZE"]
[SourceTitle "playchess.com"]
[Source "ChessBase"]
[SourceQuality "1"]
[TimeControl "5400+30"]

1. c4 {[%emt 0:00:00]} c5 {[%emt 0:00:00]} 2. Nc3 {[%emt 0:00:00]} Nc6 {[%emt 0:00:00]} 3. Nf3 {[%emt 0:00:00]} Nf6 {[%emt 0:00:34]} 4. g3 {[%emt 0:00:01]} g6 {[%emt 0:00:18]} 5. Bg2 {[%emt 0:00:07]} Bg7 {[%emt 0:00:09]} 6. d4 {[%emt 0:00:04]} cxd4 {[%emt 0:01:10]} 7. Nxd4 {[%emt 0:00:09]} O-O {[%emt 0:00:29]} 8. O-O {[%emt 0:00:06]} Qb6 {[%emt 0:04:14]} 9. Nb3 {[%emt 0:00:24]} d6 {[%emt 0:02:13]} 10. Nd5 {[%emt 0:23:23]} Nxd5 {[%emt 0:01:47]} 11. cxd5 {[%emt 0:00:09]} Na5 {[%emt 0:01:06]} 12. Be3 {[%emt 0:18:31]} Qa6 {[%emt 0:04:09]} 13. Bd4 {[%emt 0:09:11]} Nxb3 {[%emt 0:01:52]} 14. axb3 {[%emt 0:00:10]} Qb5 {[%emt 0:00:09]} 15. Bxg7 {[%emt 0:00:33]} Kxg7 {[%emt 0:00:13]} 16. Qd4+ {[%emt 0:00:08]} Kg8 {[%emt 0:00:29]} 17. Qe3 {[%emt 0:00:08]} Re8 {[%emt 0:01:01]} 18. Rfc1 {[%emt 0:08:11]} Bg4 {[%emt 0:12:36]} 19. Rc4 {[%emt 0:01:15]} Bf5 {[%emt 0:01:50]} 20. Rac1 {[%emt 0:07:52]} Qb6 {[%emt 0:03:37]} 21. Qxb6 {[%emt 0:00:30]} axb6 {[%emt 0:03:55]} 22. Rc7 {[%emt 0:00:18]} Rac8 {[%emt 0:00:29]} 23. h4 {[%emt 0:03:04]} b5 {[%emt 0:06:22]} 24. R1c3 {[%emt 0:00:53]} Ra8 {[%emt 0:09:38]} 25. Rxb7 {[%emt 0:01:23]} Ra1+ {[%emt 0:01:22]} 26. Kh2 {[%emt 0:00:10]} Rb1 {[%emt 0:00:09]} 27. e4 {[%emt 0:01:57]} Bg4 {[%emt 0:05:13]} 28. f3 {[%emt 0:00:09]} Bc8 {[%emt 0:01:01]} 29. Rbc7 {[%emt 0:00:11]} Ba6 {[%emt 0:00:17]} 30. R3c6 {[%emt 0:00:07]} Ra8 {[%emt 0:00:31]} 31. Rxe7 {[%emt 0:08:21]} Rxb2 {[%emt 0:01:45]} 32. Rxd6 {[%emt 0:00:12]} Bc8 {[%emt 0:14:53]} 33. Rd8+ {[%emt 0:00:53]} Kg7 {[%emt 0:00:24]} 34. Ree8 {[%emt 0:01:41]} Raa2 {[%emt 0:02:18]} 35. Rxc8 {[%emt 0:01:18]} Rxg2+ {[%emt 0:02:12]} 36. Kh3 {[%emt 0:00:10]} f5 {[%emt 0:09:41]} 37. g4 {[%emt 0:01:40]} f4 {[%emt 0:00:22]} 38. Rc7+ {[%emt 0:00:18]} Kf6 {[%emt 0:01:16]} 39. e5# {[%emt 0:00:21]} 1-0

[Event "CZE-ch FIDE Open 2020"]
[Site "Kouty nad Desnou"]
[Date "2020.03.09"]
[Round "3.11"]
[White "Kubicek, Antonin"]
[Black "Vaculik, Martin"]
[Result "1-0"]
[WhiteElo "2113"]
[BlackElo "2268"]
[Annotator "TA"]
[PlyCount "50"]
[EventDate "2020.03.07"]
[EventCountry "CZE"]
[SourceTitle "playchess.com"]
[Source "ChessBase"]
[SourceQuality "1"]

{[%evp 9,50,0,12,1,20,12,17,-4,22,14,20,14,12,12,22,16,69,62,67,70,75,53,58,56,49,14,47,49,53,46,52,9,19,0,0,-3,0,0,0,4,8,0,755]} 1. d4 Nf6 2. Nf3 g6 3. Bg5 Bg7 4. Nbd2 O-O 5. e3 d6 6. h3 {A48: 1 d4 Nf6 2 Nf3 g6: Torre, London and Colle Systems.} Nc6 7. Be2 e5 {[#]} 8. O-O $146 ({Predecessor:} 8. c3 Qe8 9. O-O Nd7 10. dxe5 dxe5 11. e4 Nc5 12. Be3 Qe7 13. b4 Ne6 14. b5 {1-0 (40) Blaha,M-Zaruba,A Czechia 1995}) 8... Qe8 9. a4 a6 10. c3 h6 11. Bh4 g5 12. Bg3 Nh7 (12... e4 $11) 13. dxe5 $14 dxe5 14. e4 Nf6 15. Ne1 Be6 16. Qc2 Nd7 17. Nc4 {[%cal Bd2c4,Bc4e3,Be3f5][%mdl 32]} Ne7 18. Ne3 Ng6 19. Nf5 Nf4 20. Bxf4 exf4 {The position is equal.} 21. Nxg7 (21. Nd4 {with more complications.} Nc5 22. b4 Nd7 23. Nd3 a5 24. b5) 21... Kxg7 22. Nf3 f6 23. Nd4 Ne5 24. Rfd1 Rd8 25. b4 Rf7 $2 {[%mdl 8192] Accuracy: White = 90%, Black = 74%.} (25... Bd7 $11) 1-0

[Event "CZE-ch FIDE Open 2020"]
[Site "Kouty nad Desnou"]
[Date "2020.03.09"]
[Round "3.12"]
[White "Nguyen, Thai Dai Vinh"]
[Black "Kosut, Tomas"]
[Result "1/2-1/2"]
[WhiteElo "2018"]
[BlackElo "1878"]
[Annotator "ChessBase"]
[PlyCount "64"]
[EventDate "2020.03.07"]
[EventCountry "CZE"]
[SourceTitle "playchess.com"]
[Source "ChessBase"]
[SourceQuality "1"]
[TimeControl "5400+30"]

1. e4 {[%emt 0:00:00]} c5 {[%emt 0:00:00]} 2. Nf3 {[%emt 0:00:00]} d6 {[%emt 0:00:25]} 3. d4 {[%emt 0:00:00]} cxd4 {[%emt 0:00:09]} 4. Nxd4 {[%emt 0:00:00]} Nf6 {[%emt 0:00:34]} 5. Nc3 {[%emt 0:00:00]} g6 {[%emt 0:00:12]} 6. Be3 {[%emt 0:00:00]} Bg7 {[%emt 0:00:19]} 7. f3 {[%emt 0:00:00]} O-O {[%emt 0:00:25]} 8. Qd2 {[%emt 0:00:09]} Nc6 {[%emt 0:00:29]} 9. Bc4 {[%emt 0:00:05]} Bd7 {[%emt 0:00:43]} 10. O-O-O {[%emt 0:00:05]} Ne5 {[%emt 0:03:00]} 11. Bb3 {[%emt 0:00:06]} Rb8 {[%emt 0:01:45]} 12. h4 {[%emt 0:01:44]} b5 {[%emt 0:00:30]} 13. h5 {[%emt 0:01:48]} Nc4 {[%emt 0:01:55]} 14. Bxc4 {[%emt 0:00:11]} bxc4 {[%emt 0:00:05]} 15. Bh6 {[%emt 0:07:50]} Qb6 {[%emt 0:02:09]} 16. b3 {[%emt 0:01:24]} cxb3 {[%emt 0:05:26]} 17. axb3 {[%emt 0:07:45]} Qa5 {[%emt 0:08:40]} 18. Kb2 {[%emt 0:04:01]} Bxh6 {[%emt 0:10:12]} 19. Qxh6 {[%emt 0:00:13]} Rfc8 {[%emt 0:04:03]} 20. Nde2 {[%emt 0:08:18]} Be6 {[%emt 0:05:55]} 21. hxg6 {[%emt 0:02:05]} fxg6 {[%emt 0:00:21]} 22. Nd5 {[%emt 0:22:03]} Bxd5 {[%emt 0:22:32]} 23. exd5 {[%emt 0:01:56]} Qc5 {[%emt 0:07:09]} 24. Qd2 {[%emt 0:07:13]} a5 {[%emt 0:01:49]} 25. Nc3 {[%emt 0:10:50]} Rc7 {[%emt 0:02:57]} 26. Qd4 {[%emt 0:06:14]} Rbc8 {[%emt 0:05:25]} 27. Qxc5 {[%emt 0:00:19]} Rxc5 {[%emt 0:00:06]} 28. Rd3 {[%emt 0:01:01]} Nd7 {[%emt 0:03:16]} 29. f4 {[%emt 0:02:51]} Nf6 {[%emt 0:02:21]} 30. Rc1 {[%emt 0:01:28]} Kf7 {[%emt 0:01:30]} 31. Rcd1 {[%emt 0:01:03]} Ng4 {[%emt 0:00:41]} 32. R1d2 {[%emt 0:01:07]} Nf6 {[%emt 0:00:28]} 1/2-1/2

[Event "CZE-ch FIDE Open 2020"]
[Site "Kouty nad Desnou"]
[Date "2020.03.09"]
[Round "3.13"]
[White "Volaninova, Sarka"]
[Black "Tuma, Jan"]
[Result "0-1"]
[WhiteElo "1689"]
[BlackElo "1993"]
[Annotator "TA"]
[PlyCount "108"]
[EventDate "2020.03.07"]
[EventCountry "CZE"]
[SourceTitle "playchess.com"]
[Source "ChessBase"]
[SourceQuality "1"]

{[%evp 14,108,17,-2,37,6,37,37,49,42,50,2,0,-6,6,7,8,-26,6,-10,82,0,31,15,29,23,47,0,0,0,4,0,0,0,0,7,18,9,60,16,10,14,14,10,13,15,20,10,14,14,45,38,26,0,0,-70,-10,-64,-54,-60,-56,-95,-61,-106,13,-35,0,0,0,0,0,-242,-114,-229,-93,-219,0,-267,-250,-236,-202,-609,-756,-751,-769,-898,-738,-864,-704,-774,-629,-1091,-1083,-3119,-2516,-1806,-1334]} 1. d4 Nf6 2. Bf4 g6 3. h3 Bg7 4. Nf3 d6 5. e3 O-O 6. Be2 Nbd7 7. O-O Re8 8. c3 h6 {A48: 1 d4 Nf6 2 Nf3 g6: Torre, London and Colle Systems.} 9. Nbd2 {[#]} Nh5 $146 ({Predecessor:} 9... e5 10. dxe5 Nxe5 11. Qb3 Nfd7 12. Nxe5 dxe5 13. Bg3 Qe7 14. e4 Nb6 15. a4 Be6 {½-½ (50) Le Pennec,H (1640)-Treguer,D (1730) Bretagne 2000}) 10. Bh2 e5 {White is slightly better.} 11. Qc2 Qe7 12. Bc4 e4 13. Ne1 c6 14. Be2 d5 15. Nb3 Nf8 16. c4 Qg5 (16... dxc4 $11 {remains equal.} 17. Qxc4 Nf6) 17. Kh1 (17. cxd5 $16 Qxd5 18. Nc5) 17... Ne6 18. cxd5 cxd5 19. g4 Nf6 20. Bg3 Nd7 21. Ng2 {Bh4 is the strong threat.} Qe7 22. Nf4 Nxf4 23. Bxf4 f5 24. gxf5 g5 25. Bg3 {Threatening f4.} Nf6 ({Better is} 25... Nb6 $11) 26. Qc7 Bxf5 27. Qxe7 Rxe7 28. Kg2 g4 29. hxg4 Bxg4 30. Bxg4 Nxg4 31. Rac1 Rf7 32. Nc5 Re8 33. Rh1 Bf6 34. Nb3 (34. Na4 $11) 34... Kg7 (34... Bg5 $15 35. Rc2 Ref8) 35. Rc7 (35. Rc5 $11) 35... Rxc7 $15 36. Bxc7 {Strongly threatening Kg3.} Kg6 $1 37. Bf4 h5 38. Nc5 Re7 ({Black should play} 38... Bg5 $1 $17 39. Bxg5 Kxg5) 39. Na4 (39. Bd6 {seems wilder.} Rf7 40. Ne6 Bg5 41. Bf4 Bf6 42. b3) 39... Bg5 40. Bxg5 Kxg5 $11 {[%mdl 4096] Endgame KRN-KRN} 41. Nc3 Rf7 42. Nd1 $2 (42. Rf1 $11 {and White stays safe.}) 42... h4 (42... b5 $1 $19 43. Re1 b4) 43. Rh3 {[#]} (43. a4 $17) 43... Rf5 (43... b5 $1 $19 {has better winning chances.} 44. Rh1 b4) 44. Rh1 {[#]} (44. f4+ $17 exf3+ 45. Rxf3) 44... Nf6 $2 (44... b5 $1 $19 45. Re1 b4) 45. Kh3 $2 {[%mdl 8192]} (45. Nc3 $11) 45... Rf3+ $19 46. Kg2 Kg4 47. Nc3 $2 (47. Rg1 Kg5 48. Rh1) 47... h3+ {Black is clearly winning.} 48. Kg1 Kh4 49. a3 Ng4 50. Nd1 Rf6 51. Kf1 a5 52. Ke2 h2 53. a4 Kh3 54. Kf1 Rb6 {[%mdl 64] Remove Defender. Accuracy: White = 43%, Black = 59%.} 0-1